|
|
|
|
| LEADER |
00000nab a2200000uu 4500 |
| 001 |
vtls011520781 |
| 003 |
SK-MaSNL |
| 005 |
20260303181427.0 |
| 008 |
230704|1948 xo |||||||||||||||||slo| |
| 015 |
|
|
|a SNBRB
|
| 035 |
|
|
|a (urnnbn)urn:nbn:sk:snk:ar-0021mp
|
| 035 |
|
|
|a (uuid)bd1b2568-f85e-4fb3-9e1d-5e2d2eb2f1f1
|
| 035 |
|
|
|a urn:nbn:sk:snk-abe96a
|
| 040 |
|
|
|a SNKBUCL
|b slo
|c SNKBUCL
|e AACR2
|
| 041 |
0 |
|
|a slo
|
| 044 |
|
|
|a xo
|c SK
|
| 100 |
1 |
|
|a Boor, Ján,
|d 1915-2002
|4 aut
|9 88134
|
| 245 |
1 |
0 |
|a Jean Giraudoux: Zuzana a tichý oceán
|c J. Boor
|
| 773 |
0 |
|
|t Slovenské pohľady
|g Roč. 64, č. 9 (1948), s. 564-565
|
| 850 |
|
|
|a Slovenská národná knižnica
|
| 852 |
|
|
|a Slovenská národná knižnica
|
| 954 |
|
|
|a odborná, vedecká literatúra pôvodná (slovenská)
|2 lita
|
| 958 |
|
|
|a OND
|
| 958 |
|
|
|a EUIPO
|
| 958 |
|
|
|a article21
|
| 999 |
|
|
|c 2111997
|d 2113927
|